El problema de la realidad social. Escritos I

Gorde:
Xehetasun bibliografikoak
Egile Nagusiak: Schutz, Alfred (Egilea), Natanson, Maurice (Egilea)
Formatua: Liburua
Hizkuntza:gaztelania
Argitaratua: Buenos Aires, Argentina Amorrortu Editores 1995
Edizioa:2a. ed
Saila:Sociología
Gaiak:
Sarrera elektronikoa:Disponible Online
Etiketak: Etiketa erantsi
Etiketarik gabe, Izan zaitez lehena erregistro honi etiketa jartzen!

MARC

LEADER 00000cam a2200000 a 4500
001 UCE2004
003 CL-VaPUC
005 20240820103304.0
008 140605e19950000ag |||||||||||||||||spa|d
999 |c 355684  |d 355682 
020 |a 9789505181735 
040 |c Pontificia Universidad Católica de Valparaíso 
082 0 4 |a 301 SCH 1995  |2 21 
100 0 |a Schutz, Alfred  |e author  |9 368205 
245 1 3 |a El problema de la realidad social.  |b Escritos I 
250 |a 2a. ed 
260 |a Buenos Aires, Argentina   |b Amorrortu Editores  |c 1995 
300 |a 326 páginas  
490 0 |a Sociología 
583 |a last modification  |c 20140605 14:22:00  |k Rodrigo Vera 
650 0 |a Sociología   |9 255410 
650 0 |a Realidad social   |2 CL-VaPUC  |9 499221 
650 0 |a Fenomenología  |9 256519 
700 0 |a Natanson, Maurice  |e author  |9 574459 
856 |u http://bibliografiadigital.pucv.cl.pucv.idm.oclc.org/index.php/bibliotecapucv/catalog/book/518  |y Disponible Online  
942 |c BK  |2 ddc 
945 |d 20140605 14:22:00  |a dcastane 
952 |0 0  |1 0  |3 erb  |4 0  |6 301_000000000000000_SCH_1995  |7 0  |8 R  |9 462484  |a BIBGIM  |b BIBGIM  |i 5070465  |l 3  |m 1  |o 301 SCH 1995  |p 5070465  |r 2025-01-15  |s 2024-06-12  |w 2019-11-23  |y BK_R  |z Catalogado en:20140605  |k SSL 
952 |0 0  |1 0  |3 erb  |4 0  |6 301_000000000000000_SCH_1995  |7 0  |8 R  |9 462485  |a BIBGIM  |b BIBGIM  |i 5070473  |o 301 SCH 1995  |p 5070473  |r 2025-01-15  |w 2019-11-23  |y BK_R  |z Catalogado en:20140605  |k SSL 
952 |0 0  |1 0  |3 erb  |4 0  |6 301_000000000000000_SCH_1995  |7 0  |8 R  |9 462486  |a BIBGIM  |b BIBGIM  |i 5070481  |l 1  |o 301 SCH 1995  |p 5070481  |r 2025-01-15  |s 2023-06-20  |w 2019-11-23  |y BK_R  |z Catalogado en:20140605  |k SSL 
952 |0 0  |1 0  |3 erb  |4 0  |6 301_000000000000000_SCH_1995  |7 0  |8 R  |9 462487  |a BIBGIM  |b BIBGIM  |i 5286581  |o 301 SCH 1995  |p 5286581  |r 2025-01-15  |w 2019-11-23  |y BK_R  |z Catalogado en:20160512  |k SSL 
952 |0 0  |1 0  |3 erb  |4 0  |6 301_000000000000000_SCH_1995  |7 0  |8 R  |9 462488  |a BIBGIM  |b BIBGIM  |i 528659K  |l 1  |o 301 SCH 1995  |p 528659K  |r 2025-01-15  |s 2022-04-04  |w 2019-11-23  |y BK_R  |z Catalogado en:20160512  |k SSL 
952 |0 0  |1 0  |3 erb  |4 0  |6 301_000000000000000_SCH_1995  |7 0  |8 R  |9 462489  |a BIBGIM  |b BIBGIM  |i 5286603  |o 301 SCH 1995  |p 5286603  |r 2025-01-15  |w 2019-11-23  |y BK_R  |z Catalogado en:20160512  |k SSL 
952 |0 0  |1 0  |3 erb  |4 0  |6 301_000000000000000_SCH_1995  |7 0  |8 R  |9 462490  |a BIBGIM  |b BIBGIM  |i 5339588  |l 1  |o 301 SCH 1995  |p 5339588  |r 2025-01-15  |s 2023-06-08  |w 2019-11-23  |y BK_R  |z Catalogado en:20160902  |k SSL 
952 |0 0  |1 0  |3 erb  |4 0  |6 301_000000000000000_SCH_1995  |7 0  |8 R  |9 462491  |a BIBGIM  |b BIBGIM  |i 533957K  |l 1  |o 301 SCH 1995  |p 533957K  |r 2025-01-15  |s 2022-05-03  |w 2019-11-23  |y BK_R  |z Catalogado en:20160902  |k SSL 
952 |0 0  |1 0  |3 erb  |4 0  |6 301_000000000000000_SCH_1995  |7 0  |8 R  |9 462492  |a BIBGIM  |b BIBGIM  |i 5344867  |l 6  |o 301 SCH 1995  |p 5344867  |r 2025-01-15  |s 2023-06-16  |w 2019-11-23  |y BK_R  |z Catalogado en:20161028  |k SSL 
952 |0 0  |1 0  |3 erb  |4 0  |6 301_000000000000000_SCH_1995  |7 0  |8 R  |9 462493  |a BIBGIM  |b BIBGIM  |i 5344859  |l 2  |o 301 SCH 1995  |p 5344859  |r 2025-01-15  |s 2023-06-08  |w 2019-11-23  |y BK_R  |z Catalogado en:20161028  |k SSL